Global And Transnational Business (Record no. 354476)

MARC details
000 -LEADER
fixed length control field 00396nam a2200145Ia 4500
008 - FIXED-LENGTH DATA ELEMENTS--GENERAL INFORMATION
fixed length control field 230719s9999 xx 000 0 und d
041 ## - LANGUAGE CODE
Language code of text/sound track or separate title eng
082 ## - DEWEY DECIMAL CLASSIFICATION NUMBER
Classification number 658.049
Item number STO
100 ## - MAIN ENTRY--PERSONAL NAME
Personal name Stonehouse G.
9 (RLIN) 203875
245 ## - TITLE STATEMENT
Title Global And Transnational Business
260 ## - PUBLICATION, DISTRIBUTION, ETC. (IMPRINT)
Date of publication, distribution, etc. 2004
Name of publisher, distributor, etc. Wiley
300 ## - PHYSICAL DESCRIPTION
Extent 474
365 ## - TRADE PRICE
Currency code Rs.
Price amount 270.00
700 ## - ADDED ENTRY--PERSONAL NAME
Personal name Stonehouse G.; Campbell D.; Hamil J. & Purdie T.
9 (RLIN) 203876
Holdings
Withdrawn status Lost status Damaged status Not for loan Home library Current library Shelving location Date acquired Vendor Cost, normal purchase price Full call number Barcode Date last seen Cost, replacement price Bill Date Koha item type Original Barcode
        Cummins College of Engineering for Women Pune Cummins College of Engineering for Women Pune Donated Book 04/09/2017 Masurkar Enterprises 270.00 658.049 CCEP-DB-681 19/07/2023 270.00 19/07/2023 Books D00681